Statistiques concernant Français célèbres - Quiz d'images #4

Cliquez ici pour prendre le quiz!

Statistiques générales

  • Ce quiz a été pris 97 fois
  • Le résultat moyen est 8 sur 16

Statistiques - réponses

Answer % Correct
Gérard Depardieu
99%
Jean Reno
92%
Brigitte Macron
91%
Serge Gainsbourg
91%
Vincent Cassel
79%
France Gall
79%
Georges Pompidou
75%
Antoine Griezmann
63%
Paul Pogba
59%
Isabelle Huppert
54%
Claude Monet
18%
Sarah Bernhardt
16%
Jean Cocteau
16%
Olympe de Gouges
5%
Sofia Boutella
4%
Philippe Petit
0%

Distribution des résultats

Percentile par nombre de réponses

% des personnes avec chaque résultat

Votre développement - résultats

Vous n’avez pas pris ce quiz